000 00319nam a2200133 a 4500
008 110107s1977|||| d
245 1 0 _aVybrané spisy
_n2
_b1850 - 1866
100 1 _aMarx, Karol
700 1 _aEngels, Fridrich
260 _bPravda
_aBratislava
_c1977
020 _c19
044 _axo
_cSK
041 _aslo
999 _c15547
_d15547